| 000 | 00972nam0a22002291i 4500 | ||
|---|---|---|---|
| 001 | rc\951740 | ||
| 005 | 20240726053944.0 | ||
| 035 | _a(NLR Aleph) 006123038 | ||
| 090 |
_a5481284 _c5481284 |
||
| 100 | _a20041129d1982 u |0rusy50 ca | ||
| 101 | 0 | _arus | |
| 102 | _aRU | ||
| 105 | _ay ||||||||| | ||
| 200 | 1 |
_aЭкономико-статистический анализ эффективности использования фонда заработной платы _e(На прим. льняной пром-сти РСФСР) _eАвтореф. дис. на соиск. учен. степ. канд. экон. наук _e(08.00.11) |
|
| 210 |
_aМ. _d1982 |
||
| 215 | _a17 с. | ||
| 300 | _aВ надзаг.: Моск. экон.-стат. ин-т, Специализир. совет К.053.19.01 | ||
| 700 | 1 |
_aПальцева _bГ.Н. _gГалина Николаевна |
|
| 801 | 0 |
_aRU _bNLR _gpsbo |
|
| 801 | 1 |
_aRU _bELAR _2rusmarc |
|
| 852 |
_aNLR _j84-4/5185 |
||
| 942 | _cBOOK | ||